[Event "Top20"]
[Site "?"]
[Date "2001.12.02"]
[Round "4"]
[White "Moreira, Philippe"]
[Black "Garon, Pierre"]
[Result "1/2-1/2"]
[WhiteElo "2048"]
[BlackElo "1890"]
[PlyCount "67"]

1. e4 c6 2. d4 d5 3. Nd2 dxe4 4. Nxe4 Nd7 5. Bc4 Ngf6 6. Ng5 e6 7. Qe2 Nb6 8.
Bd3 h6 9. N5f3 c5 10. dxc5 Bxc5 11. Ne5 Nbd7 12. Ngf3 Qc7 13. O-O O-O 14. Re1
b6 15. Nxd7 Bxd7 16. Ne5 Bc6 17. Nxc6 Qxc6 18. Bf4 Rad8 19. Rad1 Bd6 20. Bd2
Qc7 21. g3 Qc6 22. a3 Be7 23. Bc3 Qc7 24. Be5 Bd6 25. Bc3 Be7 26. Be5 Bd6 27.
Bxf6 gxf6 28. Qh5 Kg7 29. Qg4+ Kh8 30. Qh5 Kg7 31. Re4 f5 32. Ree1 Be5 33. c3
Bf6 34. Qe2 1/2-1/2

[Event "Top20"]
[Site "?"]
[Date "2001.12.01"]
[Round "4"]
[White "Dzaferi, Afit"]
[Black "Cursoux, Gerard"]
[Result "0-1"]
[WhiteElo "1800"]
[BlackElo "2000"]
[PlyCount "84"]

1. e4 c5 2. Bc4 Nc6 3. Nf3 d6 4. c3 Nf6 5. d3 e6 6. Na3 a6 7. Bf4 Be7 8. e5
dxe5 9. Nxe5 Nxe5 10. Bxe5 Bd7 11. Nc2 Bc6 12. Ne3 Qd7 13. Bb3 b5 14. Qe2 O-O
15. Bc2 Ne8 16. Qg4 f5 17. Qg3 Nf6 18. Bb3 Kh8 19. Qg5 Bd6 20. Bxd6 Qxd6 21.
Rd1 Nd7 22. f4 Rf6 23. Qg3 Re8 24. d4 c4 25. Bc2 Nb6 26. h4 Rg6 27. Qf2 Nd5 28.
h5 Rf6 29. Nxd5 exd5+ 30. Kd2 b4 31. Rde1 bxc3+ 32. Kxc3 Rb8 33. a3 Qc7 34. Bd1
Qa5+ 35. Kc2 Ba4+ 36. Kc1 Bxd1 37. Kxd1 c3 38. Qc2 cxb2 39. Qxb2 Rfb6 40. Qc2
Rb1+ 41. Ke2 R1b2 42. Kf3 Rxc2 0-1

[Event "Top20"]
[Site "?"]
[Date "2001.12.01"]
[Round "4"]
[White "Valjan, Berislav"]
[Black "Bellon, Yves"]
[Result "0-1"]
[WhiteElo "1720"]
[BlackElo "1990"]
[PlyCount "90"]

1. d4 Nf6 2. c4 e6 3. a3 c5 4. Nc3 cxd4 5. Qxd4 Nc6 6. Qd1 a6 7. Nf3 Qc7 8. g3
Na5 9. b3 b5 10. Bf4 Qc6 11. Bg2 Bb7 12. O-O bxc4 13. b4 Nb3 14. Rb1 Rc8 15.
Ne1 d5 16. Nc2 Be7 17. Nd4 Nxd4 18. Qxd4 O-O 19. Bf3 Bd6 20. e3 Rfe8 21. Bxd6
Qxd6 22. Rfd1 Red8 23. a4 e5 24. Qd2 Qe7 25. Qe2 d4 26. Bxb7 Qxb7 27. exd4 exd4
28. Na2 d3 29. Qe5 Qf3 30. Nc3 Re8 31. Qd4 Ne4 32. Re1 Nxc3 33. Rxe8+ Rxe8 34.
Qxc3 Qd5 35. b5 Re2 36. bxa6 h6 37. a7 Kh7 38. a8=Q Qxa8 39. Qxc4 Qf3 40. Qd4
d2 41. Rf1 Qe4 42. Qd7 Qc2 43. Qg4 d1=Q 44. Rxd1 Qxd1+ 45. Kg2 Rxf2+ 0-1

[Event "Top20"]
[Site "?"]
[Date "2001.12.01"]
[Round "4"]
[White "Etlicher, Dominique"]
[Black "Graillon, David"]
[Result "1/2-1/2"]
[WhiteElo "2010"]
[BlackElo "1960"]
[PlyCount "111"]

1. d4 d5 2. c4 c6 3. Nf3 Nf6 4. Nc3 dxc4 5. a4 c5 6. d5 Bf5 7. Nh4 Be4 8. Nxe4
Nxe4 9. g3 e6 10. f3 Qa5+ 11. Bd2 Qxd2+ 12. Qxd2 Nxd2 13. Kxd2 exd5 14. e4 dxe4
15. fxe4 Nc6 16. Bxc4 O-O-O+ 17. Ke3 Ne5 18. Bd5 Be7 19. Nf3 Ng4+ 20. Ke2 Nf6
21. Bxf7 Nxe4 22. Be6+ Kb8 23. Ne5 Ng5 24. Bg4 Bd6 25. Nc4 Rhe8+ 26. Kf2 Bc7
27. Rhe1 Nf7 28. Rxe8 Rxe8 29. Rd1 Ne5 30. Nxe5 Bxe5 31. Rd2 Re7 32. h3 Bd4+
33. Kg2 Re1 34. b4 b6 35. bxc5 bxc5 36. Re2 Rxe2+ 37. Bxe2 Kc7 38. Kf3 Kb6 39.
Ke4 Ka5 40. Bd1 Kb4 41. Kd3 Be5 42. g4 c4+ 43. Ke4 Bf6 44. Kd5 a6 45. Be2 c3
46. Bd1 a5 47. Bc2 Ka3 48. Kc4 Kb2 49. Kd3 Kc1 50. Bb3 Kb2 51. Bc2 Ka3 52. Kc4
h6 53. Bd1 Ka2 54. Bc2 Kb2 55. Kd3 Kc1 56. Bb3 1/2-1/2

[Event "Top20"]
[Site "?"]
[Date "2001.12.01"]
[Round "4"]
[White "Testard, Philippe"]
[Black "Ollier, Michel"]
[Result "1/2-1/2"]
[WhiteElo "1900"]
[BlackElo "1800"]
[PlyCount "94"]

1. d4 Nf6 2. c4 e6 3. Nf3 c5 4. d5 exd5 5. cxd5 b5 6. a4 b4 7. Bg5 h6 8. Bh4 g5
9. Bg3 Bb7 10. e4 Bg7 11. Bc4 Nxe4 12. O-O O-O 13. Be5 d6 14. Bxg7 Kxg7 15.
Nbd2 Nf6 16. Qb3 Nbd7 17. a5 a6 18. Rfe1 Re8 19. Rxe8 Qxe8 20. Re1 Qd8 21. Nf1
Ng4 22. Ng3 Kf8 23. Qd3 Qf6 24. Qf5 Qxf5 25. Nxf5 Nde5 26. Nxe5 Nxe5 27. Nxd6
Nxc4 28. Nxb7 Nxb2 29. Nxc5 Rd8 30. Nxa6 Rxd5 31. Nxb4 Rxa5 32. g3 Ra8 33. Re2
Nc4 34. Kg2 Re8 35. Rc2 Ne5 36. Nd5 Re6 37. Ne3 Kg7 38. Nf5+ Kg6 39. Ne3 Rc6
40. Ra2 Nc4 41. Nd5 Re6 42. h3 Kg7 43. Rc2 Nb6 44. Nc7 Re4 45. Kf3 Re7 46. Rc6
Nd7 47. Kg2 Ne5 1/2-1/2

[Event "Top20"]
[Site "?"]
[Date "2001.12.01"]
[Round "4"]
[White "Massard, Christian"]
[Black "Rea, Laurent"]
[Result "1-0"]
[WhiteElo "1790"]
[BlackElo "1840"]
[PlyCount "71"]

1. Nf3 d5 2. d4 c6 3. g3 Nf6 4. Bg2 e6 5. O-O Be7 6. Bg5 Nbd7 7. Re1 O-O 8. c3
Re8 9. Nbd2 h6 10. Bxf6 Nxf6 11. e4 Qc7 12. e5 Nh7 13. h3 c5 14. Rc1 c4 15. Nh2
Bd7 16. f4 f5 17. exf6 Bxf6 18. Ndf3 b5 19. Ng4 Rad8 20. Qc2 Bc8 21. Qg6 Kh8
22. Nfe5 Bxe5 23. Nxe5 Rf8 24. Qc2 Kg8 25. Ng6 Rfe8 26. Re5 Nf8 27. Rce1 Qf7
28. Nxf8 Qxf8 29. Qg6 Qf7 30. Qg4 Kf8 31. R1e3 a5 32. a3 Rd6 33. Bf3 b4 34.
cxb4 axb4 35. Qh5 Qa7 36. Rf5+ 1-0

[Event "Top20"]
[Site "?"]
[Date "2001.12.01"]
[Round "4"]
[White "Poncet, Alain"]
[Black "Vernay, Clovis"]
[Result "1-0"]
[WhiteElo "1820"]
[BlackElo "1840"]
[PlyCount "45"]

1. e4 e6 2. d4 d5 3. e5 c5 4. c3 Nc6 5. Nf3 Nge7 6. Bd3 cxd4 7. cxd4 Bd7 8. Nc3
a6 9. O-O b5 10. Be3 Ng6 11. Rc1 Be7 12. Qe2 b4 13. Nb1 Qb6 14. Nbd2 O-O 15.
Nb3 Nb8 16. Ng5 h6 17. Nxf7 Nh4 18. Nxh6+ gxh6 19. Bxh6 Rf7 20. Qg4+ Kh8 21.
Qh5 Kg8 22. Bg6 Be8 23. Rc8 1-0

[Event "Top20"]
[Site "?"]
[Date "2001.12.01"]
[Round "4"]
[White "Bruel, Bruno"]
[Black "Mujic, Saban"]
[Result "0-1"]
[WhiteElo "1700"]
[BlackElo "1840"]
[PlyCount "74"]

1. d4 d5 2. c4 e6 3. Nc3 Nf6 4. Nf3 Nbd7 5. Bg5 Be7 6. e3 a6 7. a4 h6 8. Bxf6
Nxf6 9. Bd3 c6 10. O-O O-O 11. c5 b6 12. Ne5 Bb7 13. b4 Qc7 14. f4 b5 15. Qf3
Nd7 16. g4 Nxe5 17. fxe5 Bg5 18. Ne2 f6 19. exf6 Rxf6 20. Qh3 Raf8 21. Rae1
Rxf1+ 22. Rxf1 Rxf1+ 23. Kxf1 bxa4 24. Kg2 a3 25. Nc3 Bc8 26. Qh5 Qf7 27. Bg6
Qf6 28. Bd3 Bd7 29. Qh3 e5 30. Qg3 exd4 31. exd4 Bf4 32. Qf2 Bxg4 33. Bxa6 Qg5
34. Kh1 Bf5 35. b5 cxb5 36. Bxb5 Be3 37. Qa2 Qg1# 0-1

[Event "Top20"]
[Site "?"]
[Date "2002.01.26"]
[Round "5"]
[White "Cursoux, Gerard"]
[Black "Dzaferi, Asip"]
[Result "1/2-1/2"]
[WhiteElo "2010"]
[BlackElo "2070"]
[PlyCount "27"]

1. c4 e6 2. Nc3 d5 3. cxd5 exd5 4. g3 Nf6 5. Bg2 c6 6. Nf3 Bd6 7. O-O O-O 8. d3
Re8 9. Re1 Bc5 10. Na4 Bd6 11. Nc3 Bc5 12. Na4 Bd6 13. Nc3 Bc5 14. Na4 1/2-1/2

[Event "Top20"]
[Site "?"]
[Date "2002.01.26"]
[Round "5"]
[White "Bellon, Yves"]
[Black "Moreira, Philippe"]
[Result "0-1"]
[WhiteElo "2060"]
[BlackElo "2048"]
[PlyCount "88"]

1. c4 e5 2. Nc3 d6 3. e4 Nc6 4. d3 f5 5. exf5 Bxf5 6. h3 Nf6 7. g4 Bg6 8. h4 h6
9. Bg2 Qd7 10. Bh3 Qf7 11. a3 e4 12. f4 exd3 13. f5 Qe7+ 14. Kf2 Bf7 15. Nf3
O-O-O 16. g5 hxg5 17. hxg5 Ne4+ 18. Kg2 Kb8 19. Qxd3 Nc5 20. Qc2 Bxc4 21. Bf4
Bd3 22. Qf2 d5 23. Rhe1 Qd7 24. Qg3 Bd6 25. Nxd5 Bxf4 26. Nxf4 Bxf5 27. Rad1
Bxh3+ 28. Nxh3 Qf5 29. Nf4 Ne4 30. Rxe4 Qxe4 31. Re1 Qf5 32. Ne6 Rd7 33. b4 a6
34. g6 Ne7 35. Nc5 Qc2+ 36. Kg1 Rd1 37. Rxd1 Qxd1+ 38. Kf2 Qc2+ 39. Kg1 Qxg6
40. Ng5 Qb1+ 41. Kf2 Qc2+ 42. Kg1 Qd1+ 43. Kf2 Qd2+ 44. Kg1 Nf5 0-1

[Event "Top20"]
[Site "?"]
[Date "2002.01.26"]
[Round "5"]
[White "Garon, Pierre"]
[Black "Graillon, David"]
[Result "0-1"]
[WhiteElo "1880"]
[BlackElo "2040"]
[PlyCount "52"]

1. c4 e5 2. Nc3 Nf6 3. g3 Nc6 4. Bg2 Bc5 5. d3 O-O 6. Nf3 d5 7. cxd5 Nxd5 8.
O-O Re8 9. a3 f6 10. Na4 Bf8 11. Bd2 Nb6 12. Rc1 Be6 13. Be3 Nd4 14. Nd2 Nxa4
15. Bxd4 Qxd4 16. Bxb7 Rab8 17. Nf3 Qb6 18. Qxa4 Qxb7 19. b4 Bg4 20. Nh4 Bxe2
21. Rfe1 Bg4 22. Re4 Be6 23. Rc6 Bd5 24. Rc1 Bxe4 25. dxe4 Qxe4 26. Rxc7 Rec8
0-1

[Event "Top20"]
[Site "?"]
[Date "2002.01.26"]
[Round "5"]
[White "Petit, Didier"]
[Black "Deville, Olivier"]
[Result "1-0"]
[WhiteElo "1830"]
[BlackElo "2021"]
[PlyCount "57"]

1. d4 d5 2. Nf3 c6 3. c3 Bf5 4. Qb3 Qc8 5. Bf4 Nf6 6. Nbd2 e6 7. e3 Be7 8. h3
h6 9. Be2 O-O 10. g4 Be4 11. Nxe4 Nxe4 12. Nd2 Nxd2 13. Kxd2 c5 14. h4 Nc6 15.
g5 e5 16. dxe5 Qe6 17. gxh6 Nxe5 18. hxg7 Kxg7 19. Rag1+ Kh8 20. Ke1 b6 21.
Bxe5+ Qxe5 22. Qa4 f5 23. Qc6 Bd6 24. Rg5 Rad8 25. Rh5+ Kg8 26. Rg1+ Kf7 27.
Rh7+ Ke6 28. Rgg7 Qf6 29. Bf3 1-0

[Event "Top20"]
[Site "?"]
[Date "2002.01.26"]
[Round "5"]
[White "Dzaferi, Afit"]
[Black "Etlicher, Dominique"]
[Result "0-1"]
[WhiteElo "1830"]
[BlackElo "1940"]
[PlyCount "78"]

1. e4 c5 2. Bc4 d6 3. Nf3 Nf6 4. Nc3 g6 5. d4 cxd4 6. Qxd4 Nc6 7. Qd1 Bg7 8. e5
Ng4 9. exd6 O-O 10. h3 Nge5 11. Nxe5 Nxe5 12. Bb3 Bf5 13. dxe7 Qxe7 14. Be3 Qh4
15. Ne2 Rad8 16. Qc1 Rfe8 17. Ng3 Qb4+ 18. Kf1 Be6 19. Bxe6 Rxe6 20. c3 Qb5+
21. Kg1 Nd3 22. Qc2 Qxb2 23. Qxb2 Nxb2 24. Ne2 Nc4 25. Nd4 Bxd4 26. Bxd4 Rde8
27. g3 b6 28. Kg2 Na3 29. Rhc1 Re2 30. Kf1 Nc2 31. Rab1 Nxd4 32. cxd4 Rxa2 33.
d5 Ree2 34. d6 Rxf2+ 35. Kg1 Rfd2 36. Rd1 Kf8 37. Kf1 Ke8 38. Ke1 Rh2 39. d7+
Kd8 0-1

[Event "Top20"]
[Site "?"]
[Date "2002.01.26"]
[Round "5"]
[White "Poncet, Alain"]
[Black "Massard, Christian"]
[Result "1/2-1/2"]
[WhiteElo "1810"]
[BlackElo "1870"]
[PlyCount "45"]

1. e4 e6 2. f4 c5 3. Nf3 Nc6 4. d3 b6 5. g3 Bb7 6. Bg2 d6 7. O-O Be7 8. Nbd2
Qc7 9. Nc4 b5 10. Ne3 Nf6 11. b3 Nd7 12. Bb2 Bf6 13. Bxf6 Nxf6 14. g4 h5 15. g5
Ng4 16. Qd2 Nxe3 17. Qxe3 O-O-O 18. a4 b4 19. Rae1 Kb8 20. e5 Ne7 21. exd6 Rxd6
22. Qe5 Nf5 23. Bh3 1/2-1/2

[Event "Top20"]
[Site "?"]
[Date "2002.01.26"]
[Round "5"]
[White "Ollier, Michel"]
[Black "Valjan, Berislav"]
[Result "1-0"]
[WhiteElo "1820"]
[BlackElo "1750"]
[PlyCount "69"]

1. e4 c5 2. Nf3 Nc6 3. d4 cxd4 4. Nxd4 a6 5. Nc3 e6 6. Be2 Bb4 7. O-O Bxc3 8.
bxc3 h6 9. f4 Nf6 10. Bf3 Ne7 11. Qe1 Qc7 12. Ba3 g5 13. Bxe7 Kxe7 14. e5 Ne8
15. Bh5 Ng7 16. Bxf7 Kxf7 17. fxg5+ Ke8 18. Qe4 Nf5 19. Nxf5 exf5 20. Qxf5 Qc5+
21. Kh1 Qe7 22. Qg6+ Kd8 23. Qb6+ Ke8 24. Qg6+ Kd8 25. gxh6 Qe6 26. Rf6 Qxe5
27. Qg7 Re8 28. h7 Qe1+ 29. Rf1 Qh4 30. Rf8 Rxf8 31. Qxf8+ Kc7 32. h8=Q Qxh8
33. Qxh8 b5 34. Re1 Bb7 35. Re8 1-0

[Event "Top20"]
[Site "?"]
[Date "2002.01.26"]
[Round "5"]
[White "Rea, Laurent"]
[Black "Testard, Philippe"]
[Result "1/2-1/2"]
[WhiteElo "1770"]
[BlackElo "1860"]
[PlyCount "79"]

1. d4 Nf6 2. c4 g6 3. Nc3 Bg7 4. e4 d6 5. Be2 O-O 6. Bg5 c5 7. d5 h6 8. Be3 b5
9. cxb5 a6 10. f3 axb5 11. Bxb5 Nfd7 12. Qd2 Kh7 13. g4 Ba6 14. Bxa6 Nxa6 15.
h4 Ne5 16. a3 Nc4 17. Qe2 Nxe3 18. Qxe3 Qa5 19. Nge2 Rfb8 20. Rb1 Rb3 21. h5 g5
22. f4 Rab8 23. O-O Rxb2 24. Rxb2 Rxb2 25. Nb1 c4 26. fxg5 hxg5 27. Qxg5 Qc5+
28. Kh1 Rxe2 29. Qf5+ Kh8 30. Qxf7 Nc7 31. h6 Bxh6 32. Qh5 Rf2 33. Qxh6+ Kg8
34. Qg6+ Kf8 35. Rxf2+ Qxf2 36. Qf5+ Qxf5 37. exf5 Kf7 38. Kg2 Kf6 39. Kf3 Ke5
40. Ke3 1/2-1/2

[Event "Top20"]
[Site "?"]
[Date "2002.01.26"]
[Round "5"]
[White "Mujic, Saban"]
[Black "Boblin, Laurent"]
[Result "0-1"]
[WhiteElo "1800"]
[BlackElo "1890"]
[PlyCount "118"]

1. d4 Nf6 2. c4 e6 3. Nc3 Bb4 4. Qc2 b6 5. e3 Bb7 6. a3 Bxc3+ 7. bxc3 O-O 8. f3
d6 9. Bd3 c5 10. Ne2 Nc6 11. O-O Ba6 12. e4 Re8 13. Bg5 e5 14. f4 h6 15. Bxf6
gxf6 16. fxe5 fxe5 17. Rf3 Bc8 18. Raf1 Rf8 19. Qd2 Qh4 20. Rf6 Qg5 21. Qxg5+
hxg5 22. Rxd6 Na5 23. dxe5 Be6 24. a4 Bxc4 25. Rf5 Rad8 26. Rxg5+ Kh7 27. Rh5+
Kg7 28. Rdh6 Rxd3 29. Rh7+ Kg8 30. Rh8+ Kg7 31. R5h7+ Kg6 32. Nf4+ Kg5 33. Nxd3
Rxh8 34. h4+ Kg6 35. Rxh8 Bxd3 36. g4 Bxe4 37. Rg8+ Kh7 38. Re8 Bd5 39. g5 Nc4
40. Re7 Kg6 41. Kf2 a5 42. Kg3 Kf5 43. Re8 Bc6 44. Re7 Nxe5 45. h5 Nd7 46. h6
Kg6 47. Kf4 Nf8 48. Re5 Bxa4 49. Rd5 Bb3 50. Rd6+ Ne6+ 51. Kg4 b5 52. h7 Kxh7
53. Kf5 Kg7 54. Ra6 a4 55. Ra5 Bc2+ 56. Kg4 b4 57. cxb4 cxb4 58. Rb5 b3 59. Kf3
Nd4+ 0-1

[Event "Top20"]
[Site "?"]
[Date "2002.01.26"]
[Round "5"]
[White "Vernay, Clovis"]
[Black "Bruel, Bruno"]
[Result "0-1"]
[WhiteElo "1840"]
[BlackElo "1670"]
[PlyCount "94"]

1. d4 d5 2. c4 c6 3. Nf3 Nf6 4. e3 e6 5. Nbd2 Nbd7 6. Bd3 dxc4 7. Nxc4 b5 8.
Nce5 Bb7 9. Qc2 Rc8 10. Bd2 c5 11. Bxb5 a6 12. Bc4 cxd4 13. Nxf7 Kxf7 14. Bxe6+
Kxe6 15. Qb3+ Bd5 16. Nxd4+ Kf7 17. Qd3 Bc5 18. f3 Bxd4 19. Qxd4 Re8 20. O-O
Qb6 21. Qf4 Kg8 22. Kh1 Qxb2 23. e4 Bf7 24. Rad1 Qxa2 25. g4 Qe6 26. Qe3 Ne5
27. Bc3 Nexg4 28. fxg4 Nxg4 29. Qf3 Qxe4 30. Qxe4 Rxe4 31. Rd7 Nf6 32. Bxf6
gxf6 33. Rxf6 Bg6 34. Rxa6 Re2 35. Ra1 Rb2 36. h4 Rb1+ 37. Rxb1 Bxb1 38. Kh2
Rc4 39. Kg3 Bf5 40. Rd8+ Kg7 41. Rd5 Kg6 42. Rd6+ Kf7 43. h5 Rg4+ 44. Kf3 Rh4
45. Rb6 Rxh5 46. Kf4 Be6 47. Rb7+ Kf6 0-1

[Event "Top20"]
[Site "?"]
[Date "2002.03.02"]
[Round "6"]
[White "Dzaferi, Asip"]
[Black "Petit, Didier"]
[Result "1/2-1/2"]
[WhiteElo "2070"]
[BlackElo "1830"]
[PlyCount "150"]
[EventDate "2002.??.??"]

1. e4 e6 2. d4 d5 3. exd5 exd5 4. Bd3 Bd6 5. Nf3 Nf6 6. O-O O-O 7. h3 c5 8.
dxc5 Bxc5 9. Nbd2 b6 10. c3 Bb7 11. Nb3 Nbd7 12. Bg5 Qc7 13. Nbd4 a6 14. Bh4
Rfe8 15. Bg3 Bd6 16. Bxd6 Qxd6 17. Nf5 Qf8 18. Rc1 g6 19. N5d4 b5 20. Qd2 Ne4
21. Qf4 Qd6 22. Qh6 Qf8 23. Qf4 Qd6 24. Qh4 Qe7 25. Qg4 Ndf6 26. Qh4 Nh5 27.
Qxe7 Rxe7 28. g3 Rae8 29. Rcd1 Nhf6 30. Nb3 Nd7 31. Na5 Ba8 32. Nd4 Ne5 33.
Rfe1 Ng5 34. Rxe5 Rxe5 35. f4 Re1+ 36. Rxe1 Rxe1+ 37. Kf2 Rd1 38. Ke2 Rxd3 39.
Kxd3 Ne4 40. Ne2 Kf8 41. Kd4 Ke7 42. Nb3 Kd6 43. Nbc1 f6 44. Nd3 Bb7 45. Ke3
Ba8 46. g4 Bb7 47. Nd4 Bc8 48. Nc2 h5 49. gxh5 gxh5 50. h4 Ng3 51. Nd4 Bg4 52.
b4 Ne4 53. Nf2 Nxc3 54. Nxg4 hxg4 55. a3 Nb1 56. h5 Ke7 57. f5 Kf7 58. h6 Kg8
59. Kf4 Kh7 60. Kxg4 Kxh6 61. Nc2 Nc3 62. Kf4 Ne2+ 63. Ke3 Ng3 64. Kf4 Ne2+ 65.
Ke3 Nc3 66. Kd4 Ne2+ 67. Kxd5 Kg5 68. Kc6 Kxf5 69. Kb6 Ke5 70. Kxa6 Nc3 71. a4
bxa4 72. b5 Nxb5 73. Kxb5 f5 74. Kxa4 f4 75. Ne1 Ke4 1/2-1/2

[Event "Top20"]
[Site "?"]
[Date "2002.03.02"]
[Round "6"]
[White "Graillon, David"]
[Black "Cursoux, Gerard"]
[Result "0-1"]
[WhiteElo "2040"]
[BlackElo "2010"]
[PlyCount "68"]
[EventDate "2002.??.??"]

1. Nf3 c5 2. c4 Nf6 3. Nc3 d5 4. cxd5 Nxd5 5. g3 Nc6 6. Bg2 Nf6 7. Qb3 Bd7 8.
d3 e6 9. Bf4 Na5 10. Qc2 Be7 11. Ne5 O-O 12. a4 Rc8 13. Nb5 a6 14. Na3 Nd5 15.
Nac4 Nxf4 16. gxf4 Bc6 17. O-O Bxg2 18. Kxg2 Nc6 19. Nxc6 Rxc6 20. Rg1 Bf6 21.
f3 Qc7 22. e3 Rd8 23. Kf2 b5 24. axb5 axb5 25. Na3 c4 26. d4 b4 27. Nb1 Qb6 28.
Rc1 g6 29. Nd2 Bxd4 30. exd4 Qxd4+ 31. Ke2 Qxf4 32. Nxc4 Rxc4 33. Qxc4 Rd2+ 34.
Ke1 Qe3+ 0-1

[Event "Top20"]
[Site "?"]
[Date "2002.02.23"]
[Round "6"]
[White "Moreira, Philippe"]
[Black "Etlicher, Dominique"]
[Result "0-1"]
[WhiteElo "2048"]
[BlackElo "1940"]
[PlyCount "62"]
[EventDate "2002.??.??"]

1. e4 c5 2. Nf3 d6 3. d4 cxd4 4. Nxd4 Nf6 5. Nc3 a6 6. Bc4 e6 7. Bb3 b5 8. a3
Be7 9. Be3 O-O 10. Qe2 Qc7 11. g4 Nc6 12. g5 Ne8 13. Rg1 Na5 14. Ba2 Bd7 15.
Nf5 Bd8 16. Qd3 Nc4 17. O-O-O Rc8 18. Bd4 d5 19. Nh6+ Kh8 20. exd5 e5 21. d6
Qxd6 22. Ne4 Qxd4 23. Bxc4 Rxc4 24. Qb3 Qxe4 25. Rxd7 Qf4+ 26. Kb1 Bxg5 27.
Rxg5 gxh6 28. Rg1 Qxf2 29. Rgd1 Nf6 30. R7d2 Qf4 31. Qd3 Rd4 0-1

[Event "Top20"]
[Site "?"]
[Date "2002.03.02"]
[Round "6"]
[White "Deville, Olivier"]
[Black "Bellon, Yves"]
[Result "1-0"]
[WhiteElo "2021"]
[BlackElo "2060"]
[PlyCount "121"]
[EventDate "2002.??.??"]

1. d4 Nf6 2. Nf3 e6 3. g3 c5 4. Bg2 cxd4 5. Nxd4 Nc6 6. O-O Bc5 7. Nb3 Bb6 8.
c4 O-O 9. Nc3 a6 10. Bf4 Ba7 11. Bd6 Re8 12. e4 e5 13. Nd5 Nxd5 14. Qxd5 Re6
15. Rad1 Qg5 16. Bc5 Bb8 17. Bh3 Ne7 18. Qd3 f5 19. exf5 e4 20. Qe3 Qxe3 21.
fxe3 Rh6 22. Bxe7 Rxh3 23. Bh4 g5 24. fxg6 hxg6 25. Rf6 Kg7 26. Rdf1 Be5 27.
Rf7+ Kh6 28. Bf6 Rh5 29. Bxe5 Rxe5 30. Rf8 b5 31. cxb5 axb5 32. Rh8+ Kg5 33.
Rf4 Rf5 34. h4+ Kf6 35. Rf8+ Ke5 36. Re8+ Kf6 37. Rfxe4 Bb7 38. Rxa8 Bxe4 39.
Rf8+ Ke5 40. Rxf5+ Bxf5 41. a3 d6 42. Kf2 Ke4 43. Nd4 Bd7 44. b3 d5 45. g4 Be8
46. h5 gxh5 47. gxh5 Bxh5 48. Nxb5 Bg4 49. a4 Ke5 50. a5 Bc8 51. b4 Bb7 52. Nc7
Kd6 53. a6 Bc6 54. b5 Kxc7 55. bxc6 Kxc6 56. Kf3 Kb6 57. Kf4 Kxa6 58. Ke5 Kb6
59. Kxd5 Kc7 60. Ke6 Kd8 61. e4 1-0

[Event "Top20"]
[Site "?"]
[Date "2002.03.02"]
[Round "6"]
[White "Massard, Christian"]
[Black "Garon, Pierre"]
[Result "0-1"]
[WhiteElo "1870"]
[BlackElo "1880"]
[PlyCount "160"]
[EventDate "2002.??.??"]

1. c4 e5 2. Nc3 Nc6 3. d3 Bb4 4. Bd2 d6 5. e4 Nge7 6. Be2 a6 7. Nf3 O-O 8. O-O
f5 9. a3 Bc5 10. b4 Ba7 11. Bg5 h6 12. Be3 Nd4 13. Bxd4 exd4 14. Nb1 Ng6 15.
Nbd2 Qf6 16. Rc1 Bd7 17. Re1 Rae8 18. Bf1 Bc6 19. b5 axb5 20. cxb5 Bxb5 21.
Qb3+ Kh8 22. Qxb5 Bc5 23. a4 Nf4 24. g3 Ne6 25. Re2 fxe4 26. Rxe4 Rb8 27. Rce1
c6 28. Qb3 Nc7 29. Rf4 Qd8 30. Rxf8+ Qxf8 31. Bg2 d5 32. Ne5 Qc8 33. Qd1 Ne8
34. Qh5 Nf6 35. Qg6 Kg8 36. Qf7+ Kh8 37. Ng6+ Kh7 38. Re6 Qd8 39. Nf3 Bd6 40.
Nfh4 Bb4 41. Nf5 Qg8 42. Qxg8+ Kxg8 43. Nxh6+ Kh7 44. Nf4 Kxh6 45. g4 Kg5 46.
Ne2 Kxg4 47. Nxd4 Bc5 48. h3+ Kg5 49. Nb3 Bb4 50. Kh2 Ra8 51. a5 Kg6 52. Re2
Nh5 53. d4 Nf4 54. Re5 Kf6 55. Kg3 Nxg2 56. Kxg2 Bxa5 57. Nc5 Ra7 58. Kg3 Bc3
59. Nd7+ Kf7 60. f4 Bxd4 61. Re2 b5 62. Nb8 Rc7 63. Na6 Rc8 64. Rc2 Ke6 65. Rd2
Bf6 66. Nc5+ Ke7 67. f5 d4 68. Kf4 Rd8 69. Ke4 Rd5 70. Nd3 Bg5 71. Rc2 Kd6 72.
Rxc6+ Kxc6 73. Nb4+ Kc5 74. Nxd5 d3 75. Ne3 d2 76. Nd1 Kc4 77. Kf3 Kd3 78. Kg4
Bh6 79. Kh5 Kc2 80. Nf2 Be3 0-1

[Event "Top20"]
[Site "?"]
[Date "2002.03.02"]
[Round "6"]
[White "Ollier, Michel"]
[Black "Poncet, Alain"]
[Result "0-1"]
[WhiteElo "1820"]
[BlackElo "1810"]
[PlyCount "74"]
[EventDate "2002.??.??"]

1. e4 e5 2. Nf3 Nc6 3. Bb5 a6 4. Ba4 Nf6 5. O-O b5 6. Bb3 Be7 7. Re1 O-O 8. c3
d6 9. h3 Bb7 10. d4 Re8 11. Nbd2 Bf8 12. Bc2 g6 13. d5 Ne7 14. b3 c5 15. Nf1
Bg7 16. Ng3 Qc7 17. c4 Qd7 18. Bb2 Reb8 19. Rb1 a5 20. Bd3 Ba6 21. Qe2 bxc4 22.
Bxc4 Bxc4 23. bxc4 Nc8 24. Qc2 a4 25. Bxe5 Rxb1 26. Rxb1 dxe5 27. Nxe5 Qc7 28.
Nc6 Ne7 29. Nxe7+ Qxe7 30. f4 Bh6 31. e5 Bxf4 32. exf6 Qe3+ 33. Qf2 Qxg3 34.
Qxg3 Bxg3 35. Rd1 Kf8 36. Rd3 Be5 37. Rf3 Ra6 0-1

[Event "Top20"]
[Site "?"]
[Date "2002.03.02"]
[Round "6"]
[White "Boblin, Laurent"]
[Black "Valjan, Berislav"]
[Result "0-1"]
[WhiteElo "1890"]
[BlackElo "1750"]
[PlyCount "192"]
[EventDate "2002.??.??"]

1. e4 c5 2. c3 Nc6 3. d4 cxd4 4. cxd4 d6 5. Nf3 Bg4 6. Be2 Nf6 7. Nc3 g6 8. Be3
Bg7 9. h3 Bxf3 10. Bxf3 O-O 11. O-O Nd7 12. Qd2 a6 13. Rac1 Qa5 14. a3 Rac8 15.
Bg4 f5 16. exf5 gxf5 17. Be2 Nf6 18. b4 Qd8 19. Bc4+ d5 20. Bb3 e6 21. Bg5 Qd6
22. Bf4 Qd7 23. Ne2 Ne4 24. Qd3 Ne7 25. f3 Nf6 26. Rfe1 Ng6 27. Bd2 Qd6 28. b5
Nh5 29. Bb4 Qb6 30. Bc5 Rxc5 31. dxc5 Qxb5 32. Qxb5 axb5 33. Nc3 Bd4+ 34. Kh2
Be5+ 35. Rxe5 Nxe5 36. Nxb5 Nc6 37. Nd6 Na5 38. Ba2 Nf4 39. g3 Ne2 40. Rc2 Nd4
41. Rc3 Kg7 42. Rd3 Ndc6 43. f4 Kf6 44. Rd2 Ke7 45. Rb2 Rb8 46. Re2 Kd7 47. Nf7
Rf8 48. Ng5 Nd4 49. Rd2 Nac6 50. Kg2 h6 51. Nf3 Nxf3 52. Kxf3 Ra8 53. Rd3 Ra4
54. Bb1 Rc4 55. g4 Nd4+ 56. Ke3 fxg4 57. hxg4 Nb5 58. Rb3 Rxc5 59. Bd3 Nd6 60.
Kd4 Ra5 61. Ke5 Ke7 62. Rb6 Nc4+ 63. Bxc4 dxc4+ 64. Kd4 Rxa3 65. Rxb7+ Kf6 66.
Kxc4 Rg3 67. Rh7 Rxg4 68. Rxh6+ Kf7 69. Kd4 Rxf4+ 70. Ke5 Rf5+ 71. Ke4 Ra5 72.
Rh7+ Kg6 73. Re7 Kf6 74. Re8 Ra4+ 75. Kf3 Ke5 76. Ke3 Ra3+ 77. Kf2 Kf5 78. Re7
e5 79. Re8 Kf4 80. Rf8+ Ke4 81. Re8 Ra2+ 82. Ke1 Kd4 83. Rd8+ Ke3 84. Kd1 e4
85. Rd7 Ra1+ 86. Kc2 Ke2 87. Re7 e3 88. Rf7 Rd1 89. Re7 Rd2+ 90. Kc1 Rd6 91.
Re8 Kf2 92. Rf8+ Ke1 93. Re8 e2 94. Kc2 Rd2+ 95. Kc1 Rd5 96. Kc2 Rf5 0-1

[Event "Top20"]
[Site "?"]
[Date "2002.03.02"]
[Round "6"]
[White "Testard, Philippe"]
[Black "Dzaferi, Afit"]
[Result "1-0"]
[WhiteElo "1860"]
[BlackElo "1830"]
[PlyCount "147"]
[EventDate "2002.??.??"]

1. d4 d5 2. c4 e6 3. Nc3 Nc6 4. Nf3 Nf6 5. Bg5 Be7 6. e3 h6 7. Bf4 Nh5 8. Bg3
Nxg3 9. hxg3 Bd7 10. cxd5 exd5 11. Nxd5 Bd6 12. a3 Bg4 13. Nc3 a6 14. Bd3 Qe7
15. Qa4 Bd7 16. Ne4 Ne5 17. Nxd6+ Qxd6 18. Qc2 Ng4 19. Be4 Rb8 20. Rc1 Nf6 21.
Rh4 c6 22. Bd3 Be6 23. Ng5 Rd8 24. Nxe6 Qxe6 25. Bc4 Qe7 26. Kf1 Qd7 27. Ba2 g5
28. Rh1 Qg4 29. Qb3 Qd7 30. Rc5 Nd5 31. e4 Nf6 32. Re5+ Kf8 33. Rf5 Kg7 34. Ke2
Rde8 35. e5 Nd5 36. Qf3 Re6 37. Rc1 Rf8 38. Rc5 b6 39. Rc1 Re7 40. Bxd5 cxd5
41. Rxg5+ Kh7 42. Qf5+ Qxf5 43. Rxf5 Re6 44. Rc7 Kg6 45. Rf3 f5 46. Rfc3 Rf7
47. Kf3 Rf8 48. Rd7 Kg5 49. Rxd5 f4 50. g4 h5 51. gxh5 Kxh5 52. Rd7 Kg5 53.
Rcc7 a5 54. Rg7+ Kh6 55. Rgf7 Rd8 56. Ke4 Rg6 57. Rxf4 Rxg2 58. e6 Rg1 59. Rd7
Re1+ 60. Kd5 Re8 61. Rd6 Kg5 62. Re4 Rc1 63. Rd7 Kf6 64. Kd6 Rec8 65. d5 Re8
66. Rf7+ Kg6 67. Rc7 Rh1 68. Rf4 Rd8+ 69. Rd7 Re8 70. Kc6 Rd1 71. e7 Kg7 72. d6
Rc1+ 73. Kxb6 Rb8+ 74. Rb7 1-0